| 000 | 01178cam a22002771i 4500 | ||
|---|---|---|---|
| 003 | SA-RiAUC | ||
| 005 | 20250326135752.0 | ||
| 008 | 250320s1962____ua g 000 0 ara c | ||
| 040 |
_aSA-JeALM _bara _cSA-RiAUC _erda |
||
| 082 | 0 | 4 |
_a257.2 _qSA-RiAUC |
| 090 |
_a257.2 _bا ب و ي |
||
| 100 | 1 |
_aأبو يوسف، يعقوب بن إبراهيم بن حبيب، _d113-182 هجري _eمؤلف. |
|
| 245 | 1 | 0 |
_aكتاب الخراج / _cلأبي يوسف يعقوب بن إبراهيم ؛ اقترح عليه في تصنيفه هارون الرشيد. |
| 246 | 3 | 0 | _aالخراج |
| 250 | _aالطبعة الثالثة. | ||
| 264 | 1 |
_aالقاهرة : _bالمطبعة السلفية ومكتبتها، _c[1962] |
|
| 300 |
_a244 صفحة ؛ _c24 سم |
||
| 336 |
_aنص _btxt _2rdacontent _3كتاب |
||
| 337 |
_aبدون وسيط _bn _2rdamedia |
||
| 338 |
_aمجلد _bnc _2rdacarrier |
||
| 650 | 7 |
_aالخراج _2aucsh |
|
| 650 | 7 |
_aالنظام المالي في الإسلام _2aucsh |
|
| 700 | 1 |
_aهارون الرشيد، هارون بن محمد بن المنصور، _d149-193 هجري _eمصنف. |
|
| 942 |
_2ddc _cBOOK _n0 |
||
| 949 |
_aSA-JeALM _d250320 _uosman123 _n1 |
||
| 999 |
_c6662 _d6662 |
||